Parliamentary practice and procedure. (Record no. 2087)

MARC details
000 -LEADER
fixed length control field 01247cas a2200349 a 4500
001 - CONTROL NUMBER
control field 11247766
003 - CONTROL NUMBER IDENTIFIER
control field OSt
005 - DATE AND TIME OF LATEST TRANSACTION
control field 20230621110600.0
008 - FIXED-LENGTH DATA ELEMENTS--GENERAL INFORMATION
fixed length control field 810529c19uu9999ii uu p 0 a0eng
010 ## - LIBRARY OF CONGRESS CONTROL NUMBER
LC control number 81641553
035 ## - SYSTEM CONTROL NUMBER
System control number (OCoLC)ocm07455520
040 ## - CATALOGING SOURCE
Original cataloging agency DLC
Language of cataloging eng
Transcribing agency DLC
Modifying agency OCLCO
-- OCLCQ
-- OCLCF
-- OCLCO
-- OCLCA
-- OCLCQ
042 ## - AUTHENTICATION CODE
Authentication code pcc
043 ## - GEOGRAPHIC AREA CODE
Geographic area code a-ii---
082 ## - DEWEY DECIMAL CLASSIFICATION NUMBER
Classification number 328.1
Item number PPP
245 00 - TITLE STATEMENT
Title Parliamentary practice and procedure.
260 ## - PUBLICATION, DISTRIBUTION, ETC. (IMPRINT)
Place of publication, distribution, etc. Bangalore [India] :
Name of publisher, distributor, etc. Commonwealth Parliamentary Association, Karnataka Branch
300 ## - PHYSICAL DESCRIPTION
Extent volumes :
Other physical details illustrations ;
Dimensions 22 cm
336 ## - CONTENT TYPE
Content type term text
Content type code txt
Source rdacontent
337 ## - MEDIA TYPE
Media type term unmediated
Media type code n
Source rdamedia
338 ## - CARRIER TYPE
Carrier type term volume
Carrier type code nc
Source rdacarrier
588 ## - SOURCE OF DESCRIPTION NOTE
Source of description note Description based on: 9th course of lectures (1979); title from cover.
590 ## - LOCAL NOTE (RLIN)
Local note SERBIB/SERLOC merged record
650 #0 - SUBJECT ADDED ENTRY--TOPICAL TERM
Topical term or geographic name as entry element Parliamentary practice
Geographic subdivision India.
650 #7 - SUBJECT ADDED ENTRY--TOPICAL TERM
Topical term or geographic name as entry element Parliamentary practice.
Source of heading or term fast
Authority record control number (OCoLC)fst01053793
651 #7 - SUBJECT ADDED ENTRY--GEOGRAPHIC NAME
Geographic name India.
Source of heading or term fast
Authority record control number (OCoLC)fst01210276
710 2# - ADDED ENTRY--CORPORATE NAME
Corporate name or jurisdiction name as entry element Commonwealth Parliamentary Association.
Subordinate unit Karnataka Branch.
780 00 - PRECEDING ENTRY
Title Lectures on parliamentary practice and prodecure
Record control number (DLC) 76913510
906 ## - LOCAL DATA ELEMENT F, LDF (RLIN)
a 7
b cbc
c serials
d 4
e ncip
f 19
g n-oclcserc
942 ## - ADDED ENTRY ELEMENTS (KOHA)
Source of classification or shelving scheme Dewey Decimal Classification
Koha item type Books
Holdings
Withdrawn status Lost status Source of classification or shelving scheme Damaged status Not for loan Home library Current library Date acquired Total Checkouts Full call number Barcode Date last seen Price effective from Koha item type
    Dewey Decimal Classification     County Hall Archives County Hall Archives 06/21/2023   328.1 PPP 10001033 06/21/2023 06/21/2023 Books
LIBRARY OPENING HOURS

When the Parliament is sitting: 8.00a.m - 7.00p.m or until the house adjourns
Mondays and Fridays and when the House is on Recess:  8.00a.m - 5.00p.m
Closed on Weekends and Public Holidays

Online Public Access Catalog (OPAC)
Website: http://www.parliament.go.ke
Bunge Library: https://libraryir.parliament.go.ke
Contact: library@parliament.go.ke | Tel no: (254-2)2221291 or 2848000 Ext 5043